Loading...

Imperial Russia, [1801-1917] /

Bibliographic Details
Main Author: Karpovich, Michael
Format: Printed Book
Language:English
LEADER 00325nam a2200097Ia 4500
008 150624b xxu||||| |||| 00| 0 eng d
100 |a Karpovich, Michael 
245 |a Imperial Russia, [1801-1917] /  |c Michael Karpovich 
942 |c BK 
999 |c 60500  |d 60500 
952 |0 0  |1 0  |4 0  |7 0  |9 60477  |a UL  |b UL  |c ST1  |d 2012-10-27  |l 0  |p D1502  |r 2012-10-27  |w 2012-10-27  |y BK